000 01006nam a22002297a 4500
999 _c177375
_d177375
005 20210407160639.0
010 _aB-739315-317 B-739722
020 _a9789384925284
_c400.00
035 _aB-739315-317
035 _aB-739722
037 _bShivalik Publications
037 _bGift
082 _a230.8
100 _aSharma, Asha
245 _aFascinating temples of India /
_cby Asha Sharma
260 _bShivalik Publications
_aDelhi
_c2020
270 _a21-D, Pocket-I, New Kondli, MIG Flats, Mayur Vihar, Phase-3
_bDelhi
_e110096
300 _a150p.:
_c23cm(Hb)
_bill.
942 _2ddc
_cCH
_mSHA
_h230.8